000 00682nam a2200229 a 4500
001 000012117
005 20200929162712.0
008 091104s1995 sp 000 0bspa d
020 _a8420646881
040 _aDO-SdBNP
_bspa
_dBNPHU
082 _a927.8
_bF194G
100 1 _aGarcía del Busto, José Luis
_928635
245 1 0 _aFalla /
_cJosé Luis García del Busto.
260 _aMadrid :
_bAlianza,
_c1995.
300 _a63 p. ;
_c15 cm.
490 1 _aAlianza cien
_v88
600 1 0 _aFALLA Y MATHEU, MANUEL DE,
_d1876-1946
_vBIOGRAFÍA
_928636
650 4 _aCompositores españoles
_vBIOGRAFÍA
_928637
830 0 _aAlianza cien ;
_v88
_912832
910 _aWM
049 _aBNPHU
999 _c11782
_d11782